ETHICS FOR RECORDS AND INFORMATION MANAGEMENT (Record no. 215928)
[ view plain ]
| 000 -LEADER | |
|---|---|
| fixed length control field | 00698nam a22001697a 4500 |
| 008 - FIXED-LENGTH DATA ELEMENTS--GENERAL INFORMATION | |
| fixed length control field | 250717b |||||||| |||| 00| 0 eng d |
| 020 ## - INTERNATIONAL STANDARD BOOK NUMBER | |
| International Standard Book Number | 978-0-8389-1639-1 |
| 050 ## - LIBRARY OF CONGRESS CALL NUMBER | |
| Classification number | HF5736 .M66 2018 |
| 100 ## - MAIN ENTRY--PERSONAL NAME | |
| Personal name | MOORADIAN, NORMAN |
| 245 ## - TITLE STATEMENT | |
| Title | ETHICS FOR RECORDS AND INFORMATION MANAGEMENT |
| 260 ## - PUBLICATION, DISTRIBUTION, ETC. | |
| Place of publication, distribution, etc. | CHICAGO |
| Name of publisher, distributor, etc. | ALA NEAL-SCHUMAN, AN IMPRINT OF THE AMERICAN LIBRARY ASSOCIATION |
| Date of publication, distribution, etc. | 2018 |
| 300 ## - PHYSICAL DESCRIPTION | |
| Extent | XXVI, 191P.: ILL |
| 500 ## - GENERAL NOTE | |
| General note | INCLUDES BIBLIOGRAPHICAL REFERENCES AND INDEX |
| 650 ## - SUBJECT ADDED ENTRY | |
| Topical term or geographic name entry element | 1. RECORDS--MANAGEMENT--MORAL AND ETHICAL ASPECTS 2. INFORMATION RESOURCES MANAGEMENT--MORAL AND ETHICAL ASPECTS 3. INFORMATION SCIENTISTS--PROFESSIONAL ETHICS |
| 942 ## - ADDED ENTRY ELEMENTS (KOHA) | |
| Source of classification or shelving scheme | Library of Congress Classification |
| Koha item type | Long Loan Book |
| Withdrawn status | Lost status | Source of classification or shelving scheme | Damaged status | Not for loan | Collection | Home library | Current library | Shelving location | Date acquired | Inventory number | Total checkouts | Full call number | Barcode | Date last seen | Copy number | Price effective from | Koha item type |
|---|---|---|---|---|---|---|---|---|---|---|---|---|---|---|---|---|---|
| Library of Congress Classification | Business & Economics | Kisii University Library | Kisii University Library | On Display | 07/17/2025 | 109160 | HF5736 .M66 2018 | 000000020492 | 07/17/2025 | 1 | 07/17/2025 | Long Loan Book | |||||
| Library of Congress Classification | Business & Economics | Kisii University Library | Kisii University Library | On Display | 07/17/2025 | 109161 | HF5736 .M66 2018 | 000000020491 | 07/17/2025 | 2 | 07/17/2025 | Long Loan Book | |||||
| Library of Congress Classification | Business & Economics | Kisii University Library | Kisii University Library | On Display | 07/17/2025 | 109162 | HF5736 .M66 2018 | 000000020490 | 07/17/2025 | 3 | 07/17/2025 | Long Loan Book |